000 00395nam a2200157Ia 4500
008 221030s9999 xx 000 0 und d
020 _a0074602225
041 _aEnglish
082 _a105.23
_bMat
100 _aA. P. Mathur
245 0 _aIntroduction To Microprocessors
_cby A. P. Mathur
260 _bMcGraw-Hill Pub
_aNew Delhi
_c1995
300 _a589
650 _aBE Computer
942 _cBK
999 _c7445
_d7445